000 00787nam a22002657a 4500
001 BR9511311
003 BR-BrBNA
005 20230928094849.0
007 ta
008 230509b bl.||||| |||| 00| 0 por d
040 _aBR-BrBNA
_bpor
_cBiblioteca Nacional de Agricultura
041 _a(Por)
072 _aE50; E12
090 _ E50 BR9511311
100 1 _aMorais, C.S. de
110 1 _aEmpresa de Assistencia Tecnica e Extensao Rural do Estado de Rondonia, Porto Velho (Brasil)
_94030
245 1 _aA capacitacao massiva: uma proposta para o desenvolvimento rural
260 3 _aPorto Velho, RO (Brasil):
_c1991.
300 _a90 p.
650 _aDesenvolvimento Rural
650 _aDesemprego
650 _aEmprego
909 _a202309
_bLucia
_c55
_dLucia Elande
942 _cBK
999 _c53088
_d53088